Rodzaje sił fizycznych. - Statystyki

Ogólne statystyki
  • Ten quiz został rozwiązany 12 razy
  • Średni wynik to 4 z 11
Statystyki odpowiedzi
Opis Odpowiedź % Poprawnych
Siła z jaką ładunki elektryczne na siebie oddziałują. elektrostatyczna
64%
Siła przyciągania między masami. grawitacji
64%
Siła działająca na ciała w układzie odniesienia nieinercjalnym. bezwładności
55%
Siła powodująca zakrzywienie toru ruchu ciała. dośrodkowa
45%
Siła przeciwdziałająca ruchowi ciała dociśniętego do powierzchni innego ciała. tarcia
45%
Siła przeciwdziałająca spadaniu ciała w cieczy lub gazie. wyporu
45%
Siła przeciwdziałająca ruchowi ciała wywołana kontaktem z innymi ciałami lub płynem. oporu
36%
Siła jaka działa na poruszajace się ładunki elektryczne w polu magnetycznym. lorentza
27%
Siła z jaką planeta lub inne ciało niebieskie przyciąga obiekt. ciężkości
18%
Siła działająca na obiekt poruszający się w obracającym się układzie odniesienia. coriolisa
18%
Siła z jaką pole magnetyczne działa na przewodnik z płynącym prądem elektrycznym. elektrodynamiczna
9%
Nie znaleziono quizów pasujących do podanych kryteriów
Rozkład punktacji
Procent ludzi z każdym wynikiem
Percentyl według liczby udzielonych odpowiedzi
Twoja historia wyników
Nie rozwiązałeś tego quizu